LEADER 04962oam 2200973 c 450 001 9911069688803321 005 20260302090207.0 010 $a9783744520836 010 $a3744520838 024 3 $a9783744520836 035 $a(CKB)29353293600041 035 $a(MiAaPQ)EBC7376341 035 $a(Au-PeEL)EBL7376341 035 $a(OCoLC)1414457422 035 $a(Perlego)4301754 035 $a(Herbert von Halem Verlag)9783744520836 035 $a(EXLCZ)9929353293600041 100 $a20260302d2023 uy 0 101 0 $ager 135 $aur||||||||||| 181 $ctxt$2rdacontent 182 $cc$2rdamedia 183 $acr$2rdacarrier 200 10$aFilmgeschäftsführung$eKostenmanagement bei Film und Fernsehen$fMarkus Yagapen 205 $a4th ed. 210 $aKöln$cHerbert von Halem Verlag$d2023 215 $a1 online resource (218 pages) 225 0 $aPraxis Film$v10 300 $a[4., komplett überarbeitete Auflage] 311 08$a9783744520829 327 $aVorwort 1. Filmgeschäftsführung 1.1 Berufsbild Filmgeschäftsführer 1.2 Allgemeine Organisation 2. Filmbuchhaltung 2.1 Grundlagen der Finanzbuchhaltung 2.2 Belegqualität 2.3 Kasse, Verrechnungsgeld 2.4 Umsatzsteuer 2.5 Eingangsrechnungen 2.6 Abschlussarbeiten 3. Gagenabrechnung 3.1 Rechtliche Fragen 3.2 Grundlagen Lohnbuchhaltung 3.3 Künstlersozialversicherung 3.4 Schauspieler, Komparsen 3.5 »Ausländische« Filmschaffende 3.6 Erstattung von Aufwendungen 4. Filmkostenrechnung 4.1 Internes Rechnungswesen 4.2 Kostenarten, Kostenstellen 4.3 Kostenträger 4.4 Kostenstand 4.5 Cashflowplan 5. Schlusswort 5.1 Am Ziel 5.2 Weitere Ressourcen, Feedback und Kontakt 6. Lösungen 330 $aFilm ist Kunst. Wir denken an geniale Regisseur*innen und talentierte Schauspieler*innen. Wer aber sorgt hinter den Kulissen für den wirtschaftlichen Erfolg? Filmgeschäftsführer*innen unterstützen Produktionsfirmen im kaufmännischen Bereich, indem sie für eine steuerrechtlich einwandfreie Finanzbuchhaltung, eine sozialversicherungsrechtlich korrekte Lohnbuchhaltung sowie eine zeitnahe Kostenkontrolle sorgen. Obwohl sie in der Regel weisungsgebunden im Angestelltenverhältnis tätig sind, leiten sie ihr Aufgabengebiet eigenverantwortlich in Abstimmung mit Produzent*in, Herstellungs- und Produktionsleitung. Markus Yagapen vermittelt in Filmgeschäftsführung einen vollständigen Überblick über die vielfältigen Aufgaben und Zuständigkeiten der Filmgeschäftsführung während der Vorbereitung, Herstellung und Abwicklung einer Filmproduktion. Nach einer systematischen Darstellung der Grundlagen werden praxisnah spezielle Sachverhalte in den Bereichen Filmbuchhaltung, Gagenabrechnung und Filmkostenrechnung erläutert und anhand von Beispielen und Übungsfragen vertieft. Diese 4., grundlegend überarbeitete und aktualisierte Auflage richtet sich nicht nur an Leser*innen, deren berufliche Perspektive im Bereich der Filmgeschäftsführung liegt, sondern auch an Produzent*innen, Herstellungs- und Produktionsleiter*innen sowie an alle Filminteressierte, die sich fundierte Kenntnisse über dieses facettenreiche Berufsbild aneignen wollen. Dabei geht es nicht nur um die eigentliche Arbeit der Filmgeschäftsführung, sondern insbesondere auch um entscheidungsrelevante Faktoren bei der Führung eines Produktionsunternehmens. 410 0$aPraxis Film. 606 $aFilm 606 $aFilmbuchhaltung 606 $aFilmbudget 606 $aFilmgeschäftsführer 606 $aFilmgeschäftsführung 606 $aFilmkosten 606 $aFilmkostenrechnung 606 $aFilmproduktion 606 $aFilmproduzent 606 $aFilmrecht 606 $aFinanzbuchhaltung 606 $aGage 606 $aGagenabrechnung 606 $aHerstellungsleiter 606 $aKostenkontrolle 606 $aLohnbuchhaltung 606 $aProduktionsassistenz 606 $aProduktionsleiter 606 $aProduktionssekretariat 606 $aSozialversicherung 606 $aSteuerrecht 615 4$aFilm 615 4$aFilmbuchhaltung 615 4$aFilmbudget 615 4$aFilmgeschäftsführer 615 4$aFilmgeschäftsführung 615 4$aFilmkosten 615 4$aFilmkostenrechnung 615 4$aFilmproduktion 615 4$aFilmproduzent 615 4$aFilmrecht 615 4$aFinanzbuchhaltung 615 4$aGage 615 4$aGagenabrechnung 615 4$aHerstellungsleiter 615 4$aKostenkontrolle 615 4$aLohnbuchhaltung 615 4$aProduktionsassistenz 615 4$aProduktionsleiter 615 4$aProduktionssekretariat 615 4$aSozialversicherung 615 4$aSteuerrecht 676 $a384.84 700 $aYagapen$b Markus$4aut$01204831 801 0$bMiAaPQ 801 1$bMiAaPQ 801 2$bMiAaPQ 906 $aBOOK 912 $a9911069688803321 996 $aFilmgescha?ftsfu?hrung$92780614 997 $aUNINA